Movies Quiz

Random Movies or Clickable Quiz

HCHS Movie Directors 2 Quiz Stats

 Plays Quiz not verified by Sporcle

Score 0/23 Timer 04:00
0 Plays Today
% Correct
Clint Eastwood
94.9%
James Cameron
94.2%
Alfred Hitchcock
94.2%
Ang Lee
92.3%
Mel Gibson
88.5%
Stanley Kubrick
85.3%
Michael Moore
85.3%
Joel & Ethan Coen
82.7%
John Hughes
82.7%
Brian DePalma
81.4%
Martin Scorsese
81.4%
Francis Ford Coppola
80.8%
% Correct
George Lucas
80.1%
Woody Allen
76.9%
Ron Howard
76.9%
Steven Spielberg
76.9%
Tim Burton
76.3%
Spike Lee
74.4%
Elia Kazan
71.6%
SIdney Lumet
71.2%
Billy Wilder
70.5%
Mike Nichols
69.9%
Frank Kapra
67.4%

You're not logged in!

Compare scores with friends on all Sporcle quizzes.
OR
Log In

Show Comments

Extras

Top Quizzes Today


Score Distribution

Your Account Isn't Verified!

In order to create a playlist on Sporcle, you need to verify the email address you used during registration. Go to your Sporcle Settings to finish the process.

Report this User

Report this user for behavior that violates our Community Guidelines.

Details: